000 00430pab a2200181 454500
008 180718b2008 xxu||||| |||| 00| 0 eng d
100 _aBagchi, Amiya Kumar
245 _aImmigrants, mortality and neo-liberalism
260 _c2008
300 _ap.197-218.
362 _aMar
650 _aNeoliberalism
650 _aMortality
650 _aImmigrants
773 _aDevelopment and Change
908 _aN
909 _a78036
999 _c78036
_d78036